|
|
|
|
| LEADER |
01366nam a2200349Ia 4500 |
| 001 |
EBC429425 |
| 003 |
MiAaPQ |
| 005 |
20200520144314.0 |
| 006 |
m o d | |
| 007 |
cr cn||||||||| |
| 008 |
081031s2008 gw a sm 000 0 ger d |
| 020 |
|
|
|z 9783110202960
|
| 035 |
|
|
|a (MiAaPQ)EBC429425
|
| 035 |
|
|
|a (Au-PeEL)EBL429425
|
| 035 |
|
|
|a (CaPaEBR)ebr10275861
|
| 035 |
|
|
|a (CaONFJC)MIL199060
|
| 035 |
|
|
|a (OCoLC)476276672
|
| 040 |
|
|
|a MiAaPQ
|c MiAaPQ
|d MiAaPQ
|
| 050 |
|
4 |
|a HV6570.6
|b .U25 2008
|
| 100 |
1 |
|
|a Ubl, Karl.
|
| 245 |
1 |
0 |
|a Inzestverbot und Gesetzgebung
|h [electronic resource] :
|b die Konstruktion eines Verbrechens (300-1100) /
|c von Karl Ubl.
|
| 260 |
|
|
|a Berlin :
|b De Gruyter,
|c 2008.
|
| 300 |
|
|
|a viii, 591 p. :
|b ill.
|
| 490 |
1 |
|
|a Millennium-Studien/Millenium studies,
|x 1862-1139 ;
|v Bd. 20
|
| 502 |
|
|
|a Habilitation - Universitat, Tubingen, 2007.
|
| 533 |
|
|
|a Electronic reproduction. Ann Arbor, MI : ProQuest, 2015. Available via World Wide Web. Access may be limited to ProQuest affiliated libraries.
|
| 650 |
|
0 |
|a Incest
|x Law and legislation
|x History.
|
| 650 |
|
0 |
|a Consanguinity (Canon law)
|x History.
|
| 655 |
|
4 |
|a Electronic books.
|
| 710 |
2 |
|
|a ProQuest (Firm)
|
| 830 |
|
0 |
|a Millennium-Studien/Millenium studies ;
|v Bd. 20.
|
| 856 |
4 |
0 |
|u https://ebookcentral.proquest.com/lib/matrademy/detail.action?docID=429425
|z Click to View
|